000 00304nam a2200121Ia 4500
008 240731s9999 xx 000 0 und d
022 _a1947-2501
245 0 _aSouth Asian History and Culture
260 _bRoutledge
856 _uhttps://www.tandfonline.com/loi/rsac20
942 _2ddc
942 _cTFEJ
999 _c79482
_d79482
945 _a1
_bMadushi Gamage
_c1
_dMadushi Gamage